50 NFL Players with the Most Twitter Followers (Current/Former) - Statistics

General Stats
  • This quiz has been taken 43 times
  • The average score is 13 of 50
Answer Stats
Hint Answer % Correct
3,955,634 Aaron Rodgers
72%
4,453,910 Russell Wilson
61%
983,716 Antonio Brown
58%
899,776 Aldon Smith
56%
3,016,505 Drew Brees
56%
673,070 Emmitt Smith
56%
654,291 Jerry Rice
47%
4,929,810 J.J. Watt
47%
2,563,178 Rob Gronkowski
44%
3,654,209 Chad Johnson/Ochocinco
42%
1,038,712 Deion Sanders
42%
587,281 Ray Rice
42%
1,062,391 Cam Newton
36%
1,001,818 Chris Johnson
36%
960,008 DeSean Jackson
36%
877,925 Stevie Johnson
36%
1,253,760 Adrian Peterson
33%
2,045,913 Richard Sherman
31%
782,198 Earl Thomas III
28%
2,244,758 Robert Griffin III
28%
1,527,460 Terrell Owens
28%
863,063 Marshawn Lynch
25%
725,030 Ray Lewis
25%
3,317,711 Dez Bryant
22%
1,055,470 John Elway
22%
2,965,878 Michael Vick
22%
1,159,475 Clay Matthews
19%
1,496,217 Colin Kaepernick
19%
2,422,913 Larry Fitzgerald
19%
1,094,847 Julian Edelman
17%
1,432,232 Michael Strahan
17%
624,279 Ndamukong Suh
17%
2,215,639 Reggie Bush
17%
1,603,121 Troy Aikman
17%
4,253,994 Tim Tebow
14%
1,947,515 Vernon Davis
14%
639,483 Arian Foster
11%
835,364 Jamaal Charles
11%
652,810 Victor Cruz
11%
652,126 James Harrison
8%
918,104 Mark Sanchez
8%
786,952 DeMarcus Ware
6%
1,070,948 Jason Witten
6%
1,100,601 Pat McAfee
6%
1,214,057 Warren Sapp
6%
592,318 Mark Schlereth
3%
873,799 Troy Polamalu
3%
861,996 Dashon Goldson
0%
1,765,532 Donald Driver
0%
696,109 Shawne Merriman
0%
No matching quizzes found
Score Distribution
Percent of People with Each Score
Percentile by Number Answered
Your Score History
You have not taken this quiz